[Event "RUS-ch Rapid 2021"]
[Site "Sochi"]
[Date "2021.10.12"]
[Round "3.13"]
[White "Obgolts, Erik"]
[Black "Afanasiev, Nikita"]
[Result "1/2-1/2"]
[WhiteElo "2430"]
[BlackElo "2560"]
[Annotator "TA"]
[PlyCount "155"]
[EventDate "2021.10.12"]
[EventType "swiss"]
[EventCountry "RUS"]
[SourceTitle "playchess.com"]
[Source "ChessBase"]
[SourceQuality "1"]

{[%evp 11,155,14,14,14,21,-50,18,18,8,0,5,-3,7,10,10,0,21,20,15,13,14,10,30,32,
32,31,31,33,23,22,61,25,35,35,41,27,26,28,28,22,17,2,6,4,12,4,5,11,14,0,0,0,14,
-7,-12,-9,14,9,19,19,73,81,89,92,72,94,80,93,113,90,133,85,80,61,85,68,91,70,
139,102,273,211,236,227,405,369,645,610,776,714,756,720,1656,1573,1515,1435,
1370,571,531,451,29969,29969,29972,29970,29973,29972,29972,29973,29965,12835,
12830,0,7607,9522,6649,6058,6269,0,6058,0,6058,5385,2619,1230,971,8,8,8,8,8,8,
8,8,8,8,8,8,8,8,0,8,8,8,8,8,-8]} 1. e4 e5 2. Nf3 Nc6 3. Bb5 a6 4. Ba4 Nf6 5.
O-O Bc5 6. Bxc6 dxc6 (6... bxc6 7. Nxe5 Nxe4 8. Qe2 $16) 7. d3 {C78: Ruy Lopez:
Archangelsk and Möller Defences.} Qe7 8. h3 (8. Nbd2 $11) 8... Nd7 {[#]} (8...
Rg8 $1 $15) 9. Nbd2 $146 ({Predecessor:} 9. Nc3 O-O 10. a4 Rd8 11. Nd2 Nf8 12.
Nc4 Ng6 13. Qh5 f6 14. Ne2 Be6 15. Ne3 {1/2-1/2 (44) Eric,J (2307)-Michelle,C 
(2153) Abu Dhabi 2018}) 9... O-O 10. Nc4 Re8 11. Be3 Bd6 12. Re1 Nf8 13. Qd2
Ng6 14. Nxd6 cxd6 15. d4 h6 16. Rad1 Qf6 17. dxe5 dxe5 18. Kh2 Be6 19. Qc3 Rad8
20. a4 Qe7 21. Bc5 Qc7 22. a5 {Bb6 is the strong threat.} Rd7 23. Kg1 f6 24.
Bb6 Qc8 25. Kh2 Ree7 26. Qc5 Nf4 {And now ...Bxh3! would win.} 27. Ng1 Kf7 28.
Qc3 (28. Qb4 {looks sharper.} Rxd1 29. Rxd1 Rd7 30. Rxd7+ Qxd7 31. Be3) 28...
Rxd1 29. Rxd1 Rd7 30. Rd2 Rxd2 31. Qxd2 Qd7 32. Be3 (32. Qxd7+ {seems wilder.}
Bxd7 33. Nf3 Be6 34. Be3 g5 35. Kg1) 32... Qxd2 33. Bxd2 Ba2 34. Bxf4 exf4 $11
{[%mdl 4096] Endgame KB-KN} 35. Ne2 Bb1 (35... g5 $1 $11 {keeps the balance.})
36. Nxf4 $16 Bxc2 37. f3 f5 38. exf5 Bxf5 39. g4 Bb1 40. Kg3 Ke7 41. Kf2 Kd6
42. Ke3 c5 43. Ne2 Bg6 44. Nc3 Be8 ({Better is} 44... Bc2 $14) 45. h4 Ke5 $2 (
45... Bd7 $16) 46. f4+ $18 Ke6 47. Ne4 Kd5 $2 (47... h5 48. gxh5 (48. Nxc5+ Kd5
$16) 48... Bc6) 48. f5 Bf7 $2 (48... Ke5 49. Nxc5 Bc6 50. Nd3+ Kd6) 49. Kf4 c4
50. g5 hxg5+ 51. hxg5 Be8 52. g6 Kd4 53. Nd6 Bc6 54. Kg5 (54. f6 $142 gxf6 55.
Kf5) 54... Kc5 55. Nc8 Bd7 {[#]} (55... Be4 $18 56. Kf4 (56. f6 gxf6+ 57. Kxf6
Bxg6 $11) 56... Bc2) 56. f6 $1 gxf6+ 57. Kxf6 c3 58. bxc3 Ba4 59. g7 Bb3 60.
Nb6 (60. Ke7 $142 Bg8 61. Nd6 Kd5 {[#]} 62. Kf8 $1 Bh7 63. Nf7 Kc4 64. Ng5 Bc2
65. g8=Q+ Kxc3 66. Qg7+ Kc4 67. Qc7+ Kb4 68. Qxb7+ Kc3 69. Qc8+ Kd3 70. Qxa6+
Kc3 71. Qc6+ Kd3 72. a6) 60... Bg8 61. Nc8 $2 (61. Ke7 $18 Kb5 62. Kf8) 61...
Kb5 $2 {[%mdl 8192]} (61... Bb3 $11 62. Ke7 Kb5 63. c4+ Kb4) 62. Ne7 Bc4 63.
Ke5 Bf7 64. Kf6 Bc4 65. Ke5 Bf7 $1 66. Nf5 {White wants to mate with Nd6+!} Bg8
67. Nd6+ (67. Nh6 $142 Bh7 68. Ke6) 67... Kxa5 68. Nxb7+ $2 (68. Nc8 $18) 68...
Kb6 $1 $11 {[%cal Rb6b7] The position is equal.} 69. Nd6 {Strongly threatening
Kd4.} a5 $1 {[%cal Ba6a5,Ba5a4,Ba4a3,Ba3a2][%mdl 32]} 70. Kd4 {Black must now
prevent Nc8+.} a4 71. Kd3 (71. Nc4+ {with more complications.} Kc6 72. Na3 Kd6
73. c4 Ke7 74. c5) 71... a3 72. Kc2 a2 73. Kb2 Kc5 74. Ne4+ Kc4 75. Nd6+ Kd3
76. c4 {Threatens to win with c5.} Kd4 77. Kxa2 Ke5 78. Kb3 {White really
could win this.  Weighted Error Value: White=0.19/Black=0.42} 1/2-1/2

[Event "RUS-ch Rapid 2021"]
[Site "Sochi"]
[Date "2021.10.12"]
[Round "3.15"]
[White "Klukin, Kirill"]
[Black "Pridorozhni, Aleksei"]
[Result "1/2-1/2"]
[WhiteElo "2346"]
[BlackElo "2564"]
[Annotator "TA"]
[PlyCount "145"]
[EventDate "2021.10.12"]
[EventType "swiss"]
[EventCountry "RUS"]
[SourceTitle "playchess.com"]
[Source "ChessBase"]
[SourceQuality "1"]

{[%evp 10,145,22,12,9,12,16,0,0,-10,3,0,1,-63,-77,-50,-48,-52,0,-25,-22,-13,18,
16,16,21,24,0,0,0,0,-125,0,0,0,0,149,139,143,-196,-202,-218,-212,-195,-204,
-167,0,-1,-1,0,-4,-11,0,0,0,-22,-14,-25,-20,0,0,0,0,0,0,0,0,0,0,0,547,542,560,
550,532,511,2090,1589,1240,536,482,375,380,391,348,286,286,286,286,286,286,286,
286,286,286,134,286,286,286,151,286,42,42,42,42,32,32,17,259,255,391,391,391,
161,161,161,229,229,377,370,279,100,131,86,162,161,130,86,97,97,97,0,86,0,236,
86,86,0]} 1. d4 e6 2. c4 f5 3. Nc3 Bb4 4. e3 Bxc3+ 5. bxc3 Nf6 6. Bd3 b6 {
A85: Dutch Defence: 2 c4 Nf6 3 Nc3.} 7. f3 O-O {[#]} 8. Nh3 $146 ({Predecessor:
} 8. Qc2 Bb7 9. Ne2 d6 10. a4 a5 11. O-O Nbd7 12. e4 fxe4 13. fxe4 Qe8 14. Ng3
{1-0 (39) Ribeiro,A (1916)-Da Silva,R (1703) Altinopolis 2013}) 8... d6 {
The position is equal.} 9. O-O c5 10. Nf2 Nc6 11. g4 ({Better is} 11. e4 $11)
11... Qe7 $15 12. Qe2 Bd7 13. Bd2 Ne8 (13... g6 $15) 14. Rae1 e5 {[%cal Re5d4]}
15. d5 Na5 16. gxf5 $1 Bxf5 17. e4 Bd7 18. Kh1 Nf6 19. f4 exf4 20. e5 (20. Bxf4
$11 Nxd5 21. Bxd6 $1 Qxd6 22. exd5) 20... f3 21. Qxf3 $11 Ng4 22. Bxh7+ Kh8 (
22... Kxh7 $11 {remains equal.} 23. Qh3+ Kg8 24. Nxg4 Rxf1+ 25. Rxf1 Bxg4 26.
Qxg4 Qxe5) 23. Qg3 $1 $16 Rxf2 {[#]} (23... Nxc4 $2 24. Nxg4 Nxd2 25. e6 $18)
24. Rxf2 {[%mdl 8192]} (24. e6 $1 $16 {is forced if you want to stay better.}
Rxh2+ 25. Kg1) 24... Nxf2+ $19 (24... Kxh7 25. Rff1 $11) 25. Qxf2 Kxh7 26. e6
Be8 ({Avoid the trap} 26... Nxc4 $2 27. Qf5+ Kg8 28. exd7 $18) 27. Re4 Qf6 ({
Black should play} 27... Kg8 $1 $19 28. Rh4 Bg6) 28. Rh4+ $11 Kg8 29. Rf4 {
[%cal Rf4f6]} Qe7 30. Qg3 Bh5 31. Rf5 Qe8 {[%cal Re8g6]} (31... Nxc4 32. Rxh5
Qf6 33. Bf4 $18) 32. Rg5 {[#]} Qf8 {( -> ...Qf1+)} 33. Bf4 Be2 34. h4 $1 Nxc4
35. h5 $1 {[%cal Rh5h6]} Kh7 36. h6 {[%cal Rg5g7]} gxh6 37. Rg6 $40 {[%mdl 128]
White attacks.} Ne5 38. Rxh6+ Qxh6+ 39. Bxh6 Kxh6 {[%mdl 8192]} (39... Bf3+ $11
{and Black stays safe.} 40. Kg1 Kxh6 41. Qf4+ Kh7 42. Qf5+ Kg7) 40. Qe3+ $18 {
[%mdl 64] Double Attack} Kg6 41. Qxe2 {[%mdl 4096] Endgame KQ-KRN} Rh8+ 42. Kg1
Rh7 (42... Rg8 $142 43. Qa6 Kf6+ 44. Kf1 Rg7) 43. Qe4+ Kg7 {[#]} 44. e7 (44.
Qxh7+ $142 $3 {[%mdl 512]} Kxh7 45. e7) 44... Rh8 45. Qf5 Re8 46. Qe6 Ng6 47.
Qxd6 {Hoping for Qc6.} Rxe7 48. Qd8 {And now d6 would win.} Rf7 49. d6 {
Strongly threatening d7.} Nf8 50. Qg5+ Kh8 {Threatens to win with ...Rg7.} 51.
Qe5+ Kg8 52. Qe8 (52. Kh2 $18) 52... Kg7 $2 (52... Rd7 $16 {was necessary.})
53. Kg2 Nd7 54. Qa8 (54. Kg3 $18) 54... Nf6 (54... Ne5 $16 55. Kg3 Kg6) 55. Kh3
$2 (55. Kg3 $18) 55... Rd7 $1 $14 56. Kh4 Kf7 57. Kg5 Ke6 58. Qf3 (58. Qh8 {
looks sharper.} Ne4+ 59. Kf4 Nf6 60. Ke3 Rxd6 61. Ke2) 58... Nh7+ (58... Rg7+
$11 59. Kf4 Kxd6) 59. Kg6 $1 $18 Kxd6 {[#]} (59... b5 $142 60. Qe2+ Kxd6 61.
Qxb5 Nf8+ 62. Kf6 Nh7+ 63. Kf5 Nf8) 60. c4 $1 Kc7 61. a4 (61. Qa8 $142) 61...
Kb8 62. Qf4+ {[%mdl 1024] White has strong compensation.} Kb7 (62... Rc7 $142
63. Qd6 Kc8 64. Qe6+ Kb8 65. Qe8+ Rc8) 63. Qe4+ Kb8 (63... Ka6 $142 64. Qe8 Rc7
) 64. Qe8+ Kc7 65. Qe5+ $2 (65. Qa8 $18 {has better winning chances.} Kd6 66.
a5) 65... Kb7 $16 66. Qf5 Rc7 (66... Ka6 $16 {might work better.}) 67. Qd5+ Kb8
68. Qd8+ Rc8 69. Qd6+ Rc7 70. Qd8+ (70. Kf5 $16) 70... Kb7 (70... Rc8 $1 $11
71. Qd5 Nf8+ 72. Kf7 a5 73. Qe5+ Kb7) 71. Qd5+ (71. Kf5 $16) 71... Ka6 $2 {[#]}
(71... Kb8 $1 $11 {and Black is okay.}) 72. Qd6 (72. Qa8 $1 $18) 72... Kb7 {
White must now prevent ...Rc6!} 73. Qd5+ {Weighted Error Value: White=0.36/
Black=0.43} (73. Kh5 $16) 1/2-1/2

[Event "RUS-ch Rapid 2021"]
[Site "Sochi"]
[Date "2021.10.12"]
[Round "3.16"]
[White "Timofeev, Artyom"]
[Black "Ekdyshman, Mikhail"]
[Result "1/2-1/2"]
[WhiteElo "2586"]
[BlackElo "2315"]
[Annotator "TA"]
[PlyCount "211"]
[EventDate "2021.10.12"]
[EventType "swiss"]
[EventCountry "RUS"]
[SourceTitle "playchess.com"]
[Source "ChessBase"]
[SourceQuality "1"]

{[%evp 9,211,7,23,19,25,19,27,25,21,15,29,19,29,19,60,41,40,33,60,54,63,33,52,
15,68,64,74,64,64,60,67,68,73,34,77,76,76,76,77,74,93,90,85,62,78,71,72,73,81,
81,100,86,93,89,92,76,62,67,93,89,94,96,103,89,95,0,0,0,75,47,47,47,47,47,47,
47,74,47,63,47,48,39,48,0,68,68,58,8,10,0,0,0,0,0,0,0,9,0,0,0,19,9,12,14,19,0,
26,11,11,11,11,4,4,4,9,0,4,0,4,5,11,12,12,7,24,12,11,13,24,18,26,18,26,21,24,
24,24,20,26,26,26,26,37,33,34,34,35,34,34,34,68,68,68,34,54,54,54,54,68,68,68,
68,68,68,68,68,68,68,68,68,68,0,68,0,68,68,68,68,75,68,87,87,97,101,101,68,68,
68,68,54,68,54,54,54,54,54,54,54,54,54,54,0,54,0]} 1. c4 e5 2. e3 Nf6 3. Nc3 c6
4. Nf3 e4 5. Nd4 d5 6. cxd5 {A22: English Opening: 1...e5 2 Nc3 Nf6.} cxd5 7.
d3 exd3 8. Bxd3 {White has an edge.} Nc6 9. Nce2 Bd6 10. O-O O-O {[#]} 11. b3
$146 ({Predecessor:} 11. h3 Bc7 12. b3 Qd6 13. Ng3 Nxd4 14. exd4 Ne4 15. Bxe4
dxe4 16. Be3 f5 17. f4 exf3 18. Rxf3 {1-0 (46) Olsen,F (2388)-Steindl,J (2286)
Chess.com INT 2019}) 11... Ne5 12. Bb2 a6 13. Nf4 Re8 14. Rc1 Bd7 15. Be2 Rc8
16. h3 h6 (16... Rxc1 $11 17. Qxc1 Qa5) 17. Rxc8 $14 Bxc8 18. Nf3 Nc6 19. Bxf6
({Don't go for} 19. Nxd5 $2 Nxd5 20. Qa1 Nf6 $19) 19... Qxf6 20. Nxd5 Qg6 21.
Kh1 (21. Bd3 {keeps more tension.} Qh5 22. Bb1 Rd8 23. Qd3 Kf8 24. Qe4) 21...
Bb8 22. Nb6 Rd8 23. Qc1 Be6 24. Rd1 Rxd1+ 25. Qxd1 Qe4 26. Nc4 b5 27. Ncd2 Qd5
28. Kg1 Qd6 29. a4 Na5 30. axb5 axb5 31. Qc2 b4 32. h4 Ba7 33. Nc4 Qc5 34. Nfd2
Qc7 35. Qe4 Bb8 {[#] ( -> ...Qh2+)} 36. g3 (36. Bd3 {feels hotter.} Nxc4 37.
Qh7+ Kf8 38. Bxc4 Qd6 39. g3) 36... Nb7 37. Bg4 (37. Nf3 $16) 37... Nc5 $11 38.
Qf3 Bxc4 (38... Nxb3 $1 $11 {keeps the balance.} 39. Bxe6 fxe6) 39. bxc4 b3 40.
Qd5 b2 41. Bf5 Qd6 42. h5 Kf8 43. Kf1 (43. Qd4 $5 {[%cal Rd4b2]}) 43... Ke7 44.
Bc2 Bc7 45. Ke2 Ba5 46. Nb1 Bb4 (46... Qxd5 $11 47. cxd5 Na6) 47. Qd4 $1 $14
Qf6 48. f4 Nd7 49. Qe4+ Qe6 50. Qxe6+ fxe6 $11 {[%mdl 4096] Endgame KBN-KBN}
51. Kd3 e5 52. Bd1 exf4 53. exf4 Be1 54. g4 Bg3 (54... Kd6 {looks sharper.} 55.
g5 Bg3 56. gxh6 gxh6 57. Kc3 Kc5) 55. Kc3 Bxf4 56. Kxb2 Kd6 57. Kc3 Be5+ 58.
Kd3 Nc5+ 59. Ke3 Bf6 60. Na3 Bg5+ 61. Kf3 Ke5 62. Nc2 Ne6 63. Nb4 Nd4+ 64. Kg3
Bf4+ 65. Kf2 Ne6 (65... Bd2 $5 {[%cal Rd2b4]} 66. Nd3+ Ke4 67. Nc5+ Kf4 $11)
66. Bf3 Nc5 67. Nc6+ Kf6 68. Ke2 Ke6 69. Nd4+ Kf6 70. Bd5 Bc1 71. Kf3 Bd2 72.
Be4 Bc1 73. Bf5 Bd2 74. Ke2 Bc1 75. Nf3 Bf4 76. Kd1 Be3 77. Kc2 Bf2 78. Kc3 Be3
79. Kb4 Bf2 80. Kb5 Nb3 81. Ka4 Nd4 82. Nxd4 Bxd4 $14 {KB-KB} 83. Kb5 Ke7 84.
Kc6 Be5 85. c5 Bf4 86. Kd5 Bc7 87. Bc8 Bb8 88. Ke4 Kf6 89. Bf5 Bc7 90. Kd5 {
[#] Hoping for Kc6.} Ke7 $1 91. Kc6 Bf4 $1 92. Kb7 Kd8 93. Kb6 Be5 94. Kc6 Ke7
95. Kb7 Kd8 96. Bd3 Bf4 97. Kc6 Ke7 98. Kd5 Bg3 99. Ke4 Bh2 100. Kf5 Bg1 101.
c6 Kd6 102. Be4 Bd4 103. Kg6 Kc7 104. Kf7 Bc3 105. Kg6 Bd4 106. Kf7 {Weighted
Error Value: White=0.10/Black=0.12} ({Better is} 106. Bg2 $14) 1/2-1/2

[Event "RUS-ch Rapid 2021"]
[Site "Sochi"]
[Date "2021.10.12"]
[Round "3.17"]
[White "Khubukshanov, Erdem"]
[Black "Moiseenko, Vadim"]
[Result "0-1"]
[WhiteElo "2373"]
[BlackElo "2542"]
[Annotator "TA"]
[PlyCount "98"]
[EventDate "2021.10.12"]
[EventType "swiss"]
[EventCountry "RUS"]
[SourceTitle "playchess.com"]
[Source "ChessBase"]
[SourceQuality "1"]

{[%evp 16,98,22,23,15,13,26,25,54,37,49,14,14,10,18,14,27,22,25,22,28,-16,-16,
-25,-33,-27,-13,-22,-17,-20,-16,-15,-6,-9,0,0,0,-51,0,0,0,0,0,-21,-25,-72,-66,
-121,-72,-61,-48,-61,-4,-9,-16,-60,-56,-53,-60,-49,-4,-4,-4,-34,0,-222,-222,
-201,-200,-205,-186,-215,-215,-311,-299,-367,-358,-302,-286,-1354,-1040,-12834,
-4754,-2024,-1700]} 1. e4 e5 2. Nf3 Nc6 3. Nc3 Nf6 4. Bb5 d6 5. d4 Bd7 6. O-O
exd4 7. Nxd4 Be7 8. Re1 O-O 9. Nf5 Bxf5 {C66: Ruy Lopez: Steinitz Defence.} 10.
exf5 d5 11. Bg5 a6 {[#] White has an edge.} 12. Ba4 $146 ({Predecessor:} 12.
Bd3 h6 13. Bh4 Nb4 14. a3 Nxd3 15. Qxd3 c6 16. Re2 Qd7 17. Rae1 Rfe8 18. b4 Bd6
19. Bxf6 gxf6 20. Na4 Re7 21. Nc5 Rxe2 22. Qxe2 {0-1 (22) Korostin,A-Kantyshev,
N (1884) Cheliabinsk 2010}) 12... d4 13. Ne2 b5 14. Bb3 Qd7 15. Ng3 Rfe8 16.
Qf3 {And now Bxf6 would win.} Rad8 17. Rad1 Na5 18. Re2 (18. Bxf6 $5 Bxf6 19.
Ne4 $11) 18... c5 {Strongly threatening ...c4.} 19. Bxf6 Bxf6 20. Rxe8+ Rxe8
21. Bd5 Re5 22. Be4 Nc4 23. b3 {[%cal Rb3c4]} Nd6 24. Bd3 Qe8 $36 {[%mdl 2048]
Black has good play.} 25. Bf1 h6 26. b4 (26. c3 $11) 26... Kh7 (26... Qc8 $15)
27. bxc5 $11 Rxc5 28. Bd3 Re5 29. Nf1 Ne4 30. Bxe4 Rxe4 31. g3 (31. Qd3 $15)
31... b4 32. a3 bxa3 33. Qxa3 Qb5 ({Better is} 33... Qc8 $15 34. Qd3 Re5) 34.
Qd3 Re5 35. Qxd4 {[#]} Re1 $1 {[%csl Ge1][%cal Rb5f1]} 36. Qd3 Rxd1 37. Qxd1
Qxf5 38. Ne3 Qe4 39. Qh5 Bg5 40. Nf1 (40. Qxf7 $11 {and White has nothing to
worry.} Bxe3 41. fxe3) 40... g6 $19 ({Resist} 40... Qxc2 41. h4 $15) 41. Qd1 a5
{[%cal Ba6a5,Ba5a4][%mdl 32]} 42. h4 Bf6 43. Qd7 Kg7 44. h5 (44. c4 $142) 44...
gxh5 ({Not} 44... Qxc2 45. hxg6 Qxg6 46. Qb5 $17) 45. Ne3 a4 46. Nf5+ {[#]} Kg6
$1 47. Nd6 $2 (47. Ne3) 47... Qe6 {Black is clearly winning.} 48. Qxe6 fxe6 49.
Nc4 {[#]} Bb2 $1 {[%mdl 576] Promotion.  Weighted Error Value: White=0.52/
Black=0.09} 0-1

[Event "RUS-ch Rapid 2021"]
[Site "Sochi"]
[Date "2021.10.12"]
[Round "3.18"]
[White "Khegay, Dmitriy"]
[Black "Indzhiev, Aldar"]
[Result "1-0"]
[WhiteElo "2521"]
[BlackElo "2101"]
[Annotator "ChessBase"]
[PlyCount "103"]
[EventDate "2021.10.12"]
[EventType "swiss"]
[EventCountry "RUS"]
[SourceTitle "playchess.com"]
[Source "ChessBase"]
[SourceQuality "1"]
[TimeControl "900+10"]

1. d4 {[%emt 0:00:13]} Nf6 {[%emt 0:00:00]} 2. Bf4 {[%emt 0:00:01]} e6 {
[%emt 0:00:10]} 3. e3 {[%emt 0:00:00]} b6 {[%emt 0:00:03]} 4. Qf3 {[%emt 0:00:
00]} Nc6 {[%emt 0:00:25]} 5. Nc3 {[%emt 0:00:06]} Bb4 {[%emt 0:00:47]} 6. Nge2
{[%emt 0:00:04]} Ba6 {[%emt 0:00:15]} 7. a3 {[%emt 0:00:08]} Bxc3+ {[%emt 0:01:
45]} 8. Nxc3 {[%emt 0:00:03]} Bxf1 {[%emt 0:00:15]} 9. Rxf1 {[%emt 0:00:00]}
O-O {[%emt 0:00:24]} 10. g4 {[%emt 0:00:12]} Ne7 {[%emt 0:00:33]} 11. Bg5 {
[%emt 0:00:21]} d5 {[%emt 0:03:46]} 12. Bxf6 {[%emt 0:00:10]} gxf6 {[%emt 0:00:
00]} 13. Qxf6 {[%emt 0:00:02]} c5 {[%emt 0:00:35]} 14. h4 {[%emt 0:00:37]} Ng6
{[%emt 0:00:06]} 15. Qxd8 {[%emt 0:00:03]} Rfxd8 {[%emt 0:00:09]} 16. h5 {
[%emt 0:00:08]} Ne7 {[%emt 0:00:00]} 17. O-O-O {[%emt 0:00:18]} Rab8 {[%emt 0:
00:46]} 18. f4 {[%emt 0:04:38]} f5 {[%emt 0:00:14]} 19. g5 {[%emt 0:00:40]} c4
{[%emt 0:00:22]} 20. Kd2 {[%emt 0:00:53]} Nc8 {[%emt 0:00:50]} 21. Ke2 {
[%emt 0:01:04]} Nd6 {[%emt 0:00:18]} 22. Rg1 {[%emt 0:00:00]} Rd7 {[%emt 0:01:
19]} 23. Nb1 {[%emt 0:00:27]} Ne4 {[%emt 0:00:05]} 24. Nd2 {[%emt 0:00:03]}
Nxd2 {[%emt 0:00:06]} 25. Kxd2 {[%emt 0:00:07]} Kg7 {[%emt 0:00:09]} 26. b3 {
[%emt 0:00:51]} Rc7 {[%emt 0:00:14]} 27. bxc4 {[%emt 0:00:00]} Rxc4 {[%emt 0:
00:03]} 28. Rb1 {[%emt 0:00:02]} Rbc8 {[%emt 0:00:10]} 29. Rgc1 {[%emt 0:00:00]
} Rc3 {[%emt 0:00:34]} 30. a4 {[%emt 0:00:50]} Ra3 {[%emt 0:00:22]} 31. Ra1 {
[%emt 0:00:34]} Rac3 {[%emt 0:01:42]} 32. a5 {[%emt 0:00:43]} b5 {[%emt 0:00:
02]} 33. a6 {[%emt 0:00:02]} b4 {[%emt 0:00:49]} 34. Rab1 {[%emt 0:00:02]} R3c4
{[%emt 0:00:19]} 35. Rb2 {[%emt 0:00:26]} R8c6 {[%emt 0:00:21]} 36. Ra1 {
[%emt 0:00:22]} Rb6 {[%emt 0:00:58]} 37. Ra5 {[%emt 0:00:13]} Kg8 {[%emt 0:01:
57]} 38. Rc5 {[%emt 0:00:48]} Rxc5 {[%emt 0:00:27]} 39. dxc5 {[%emt 0:00:00]}
Rxa6 {[%emt 0:00:09]} 40. Rxb4 {[%emt 0:00:05]} Rc6 {[%emt 0:00:09]} 41. Rb5 {
[%emt 0:00:25]} a6 {[%emt 0:00:04]} 42. Rb6 {[%emt 0:00:14]} Rxc5 {[%emt 0:00:
14]} 43. Rxe6 {[%emt 0:00:12]} a5 {[%emt 0:00:05]} 44. Ra6 {[%emt 0:00:01]} Kg7
{[%emt 0:00:15]} 45. Ra7+ {[%emt 0:00:02]} Kg8 {[%emt 0:00:00]} 46. Kd3 {
[%emt 0:00:00]} h6 {[%emt 0:00:21]} 47. g6 {[%emt 0:00:07]} Rb5 {[%emt 0:00:08]
} 48. Kd4 {[%emt 0:00:07]} Rb2 {[%emt 0:00:05]} 49. Ke5 {[%emt 0:00:04]} Rxc2 {
[%emt 0:00:10]} 50. Rxa5 {[%emt 0:00:06]} Rc3 {[%emt 0:00:06]} 51. Kf6 {
[%emt 0:00:06]} Rc6+ {[%emt 0:00:07]} 52. Kxf5 {[%emt 0:00:00]} 1-0

[Event "RUS-ch Rapid 2021"]
[Site "Sochi"]
[Date "2021.10.12"]
[Round "3.19"]
[White "Nesterov, Arseniy"]
[Black "Romanov, Kirill"]
[Result "1-0"]
[WhiteElo "2514"]
[BlackElo "2023"]
[Annotator "TA"]
[PlyCount "59"]
[EventDate "2021.10.12"]
[EventType "swiss"]
[EventCountry "RUS"]
[SourceTitle "playchess.com"]
[Source "ChessBase"]
[SourceQuality "1"]

{[%evp 16,59,31,18,44,43,42,54,58,38,93,93,103,102,150,140,173,20,28,-12,16,10,
21,20,35,35,37,34,35,35,35,41,60,56,58,28,30,25,742,741,29995,29996,29996,
29997,29997,29998]} 1. d4 Nf6 2. c4 c5 3. d5 e6 4. Nc3 exd5 5. cxd5 d6 6. Nf3
g6 7. Nd2 Bg7 8. Nc4 O-O 9. Bf4 b6 {A61: Modern Benoni: Nf3 without early e4.}
10. Bxd6 Re8 {And now ...Ba6 would win.} 11. e3 Ba6 {White is slightly better.}
12. Bg3 $1 Ne4 ({Better is} 12... Nh5 $14) 13. Nxe4 $16 Rxe4 14. Qc2 Qxd5 {
[%cal Re4c4] [#]} 15. Rd1 $1 Qc6 {[#]} (15... Bxc4 16. Rxd5) 16. Rd8+ $146 (16.
Be2 $1 $18 {[%cal Re2f3] Hoping for Bf3.} Rxc4 17. Bxc4 Bxc4 18. Qxc4 Qxg2 19.
Rd8+ Bf8 20. Qd5 Qxd5 21. Rxd5) ({Predecessor:} 16. Rd6 Qe8 17. Be2 Nc6 18. Nd2
Rd4 19. Bxa6 Nb4 20. Qb3 Nxa6 21. Nc4 Qe4 22. O-O Rxc4 {1/2-1/2 (30) Dmitrenko,
V (2380)-Arutyunova,D (2264) Simferopol 2003}) 16... Re8 $11 17. Rd6 Qc8 18.
Be2 Nc6 19. O-O Ne5 20. Nxe5 Bxe5 21. Bxe5 Rxe5 22. Rfd1 {aiming for Rd8+!}
Bxe2 23. Qxe2 Re7 24. Qf3 Qb7 25. Qf6 {Rd8+ is the strong threat.} Rae8 26. h4
h5 $2 {[%mdl 8192] [#] This move loses the game for Black.} (26... Qe4 $11) 27.
R1d5 $1 $18 {[%cal Rd5h5] Intending Rxh5! and mate.} Qc8 {[#]} 28. Rxh5 $3 {
[%mdl 512] White mates.} gxh5 29. Qg5+ {[%mdl 64] Double Attack} Kf8 30. Rh6 {
[%cal Rh6h8] Weighted Error Value: White=0.12/Black=0.73} 1-0

[Event "RUS-ch Rapid 2021"]
[Site "Sochi"]
[Date "2021.10.12"]
[Round "3.20"]
[White "Kovalenko, Sergey"]
[Black "Grachev, Boris"]
[Result "1/2-1/2"]
[WhiteElo "2214"]
[BlackElo "2615"]
[Annotator "TA"]
[PlyCount "112"]
[EventDate "2021.10.12"]
[EventType "swiss"]
[EventCountry "RUS"]
[SourceTitle "playchess.com"]
[Source "ChessBase"]
[SourceQuality "1"]

{[%evp 9,112,-5,13,0,39,0,42,0,0,0,0,0,0,0,0,-2,0,0,0,0,0,-10,27,0,9,0,11,0,13,
0,10,6,7,0,0,0,5,0,20,0,0,0,0,0,0,0,13,13,9,9,16,9,15,8,31,22,20,18,25,13,13,
15,31,20,21,18,115,0,0,0,0,0,0,0,0,0,0,0,0,-8,0,0,0,0,0,0,0,0,0,0,0,0,0,0,0,0,
0,0,0,0,0,0,-28000,-28000,-28000]} 1. d4 d5 2. Nf3 Nf6 3. Bf4 c5 4. e3 Nc6 5.
c3 g6 6. Nbd2 {D02: 1 d4 d5 2 Nf3 sidelines, including 2...Nf6 3 g3 and 2...
Nf6 3 Bf4.} Bg7 7. h3 O-O 8. Bd3 {White is slightly better.} Nd7 9. O-O e5 10.
dxe5 Ndxe5 11. Nxe5 Nxe5 12. Be2 Be6 13. Nf3 Nc6 14. Qa4 {[#]} Qb6 $146 ({
Predecessor:} 14... Qe7 15. Bb5 Bd7 16. Qa3 a6 17. Bxc6 Bxc6 18. Rad1 Rfe8 19.
Rfe1 a5 20. Qb3 a4 {0-1 (38) Ageichenko,G (2257)-Andersen,M (2457) St
Petersburg 2015}) 15. Qb5 Rfc8 16. Rfd1 h6 17. Bd6 Na5 18. Be5 (18. Bg3 {
seems wilder.} Bf6 19. Qxb6 axb6 20. Nd2 Bg7 21. Bb5) 18... Nc4 (18... Nc6 {
looks sharper.} 19. Qxb6 axb6 20. Bg3 g5 21. a3 f5) 19. Bxc4 dxc4 20. Qxb6 axb6
21. Bxg7 Kxg7 22. Rd6 Ra6 23. a3 b5 24. Rad1 Rcc6 25. Rxc6 Rxc6 $11 {[%mdl
4096] Endgame KRB-KRN} 26. e4 Kf6 27. Kf1 Ke7 28. Ke2 g5 29. Ke3 f6 30. h4 Bg4
31. Rd5 b6 32. hxg5 hxg5 33. Nh2 Be6 34. Rd1 Rc8 35. Nf1 b4 36. axb4 cxb4 37.
cxb4 Ra8 {[#]} (37... c3 $11 38. bxc3 Rxc3+ 39. Rd3 Rc2) 38. f4 (38. Kd2 $1 $16
) 38... gxf4+ 39. Kxf4 Ra4 40. Ne3 Rxb4 41. Rd2 b5 42. g4 Rb3 43. Re2 Kd6 44.
Rd2+ Kc5 45. Nf5 {[#] And now Nd4 would win.} Bxf5 (45... Bc8 {with more
complications.} 46. Rd5+ Kb6 47. Rd6+ Kc7 48. Rd2 b4) 46. exf5 {KR-KR} Rh3 (
46... Rb4 {keeps more tension.} 47. Kf3 Rb3+ 48. Kf4) 47. Rf2 b4 48. g5 Rh4+
49. Kg3 fxg5 50. f6 {Hoping for f7.} Rh8 51. Kg4 Kd4 52. f7 Rf8 53. Kxg5 Ke3
54. Rf6 c3 55. bxc3 {[%mdl 8192]} (55. Re6+ $11 Kd3 56. bxc3 (56. Rd6+ Ke4 $11)
) 55... bxc3 56. Rc6 Rxf7 {[%mdl 32768] Weighted Error Value: White=0.07/
Black=0.10. An unexpected result.} 1/2-1/2